| 000 | 00755nam a22002177a 4500 | ||
|---|---|---|---|
| 999 |
_c16801 _d16801 |
||
| 003 | AR-CdUCM | ||
| 008 | 190506b ||||| |||| 00| 0 spa d | ||
| 040 |
_aMUNICIPALIDAD PROVINCIAL DEL CUSCO _cBIBLIOTECA MUNICIPAL DEL CUSCO |
||
| 082 |
_a115.1 / _bAR717 |
||
| 100 |
_aAristóteles _917411 |
||
| 245 | _aLa política / | ||
| 260 |
_aSantiago de Chile : _bEdit. Ercilla, _c1937. |
||
| 300 |
_a332 páginas ; _c17 cm. |
||
| 440 |
_aBiblioteca Amauta _916499 |
||
| 505 | _aContenido: objeto de la política -- sociedad domestica: amo y esclavo -- Arte de amasar riquezas -- Aplicación de esta teoría... | ||
| 650 |
_aEstado _9738 |
||
| 650 |
_aFilosofía _9395 |
||
| 650 |
_aEstado griego _936473 |
||
| 942 |
_2ddc _cLIBROS |
||
| 945 |
_adavv _d06/05/2019 |
||